000 00475nam a2200181 a 4500
005 20251113063932.0
008 991125s1944 es 000 0 spa u
035 _aUPN01000002955
049 _aCG
050 4 _aQL706.2
_bA5.7
245 0 4 _aLos animales salvajes.
260 _aMadrid :
_bEspasa-Calpe,
_c1944.
300 _a93 p., [3] h. de láms. :
_bil.
440 0 _aLibros de la naturaleza
650 2 _aMamíferos
_922054
650 2 _aAnimales
_91051
905 _aLibro
999 _c2955
_d2955